000 00738nam a2200241Ia 4500
003 OSt
005 20220926014728.0
006 a|||||r|||| 00| 0
007 ta
008 220923b |||||||| |||| 00| 0 eng d
037 _cGeneral Book
040 _aRTL
_cRTL
_beng
041 _2eng
_aeng
082 _aD6,9(B), K8
100 _aRoberts Arthur D
_9321066
245 0 _aProgramming for numerical control machines
260 _aNew York
_bMcGraw-Hill USA
_c1968
300 _axi, 265p. Appendix P 217-60, Glossary P 253-60
_ccm.
650 _aComputer Science
700 _a Prentdice Richard C
_9321067
942 _hD6,9(B), K8
_cGB
_2CC
999 _c629726
_d629726